Risultati Serie A 2023-2024 - 34ª giornata - Statistics

Statistiche generali
  • Questo quiz è stato fatto 5 volte
  • Il punteggio medio è 4 su 10
Statistiche sulle risposte
Hint Risposta % Corretto
Inter-Torino 2-0
100%
Frosinone-Salernitana 3-0
60%
Fiorentina-Sassuolo 5-1
60%
Juventus-Milan 0-0
40%
Bologna-Udinese 1-1
40%
Lecce-Monza 1-1
40%
Atalanta-Empoli 2-0
40%
Napoli-Roma 2-2
40%
Lazio-Verona 1-0
20%
Genoa-Cagliari 3-0
0%
Nessun quiz corrispondente trovato
Distribuzione punteggi
Percentuale di utenti per punteggio
Percentile per numero di risposta
I tuoi punteggi nel tempo
Non hai fatto questo quiz